|
|
|
|
| LEADER |
01584nam a22004094a 4500 |
| 001 |
EBC200535 |
| 003 |
MiAaPQ |
| 005 |
20200520144314.0 |
| 006 |
m o d | |
| 007 |
cr cn||||||||| |
| 008 |
030425s2004 enk sb 001 0 eng |
| 010 |
|
|
|z 2003009716
|
| 020 |
|
|
|z 0415324661 (cloth)
|
| 035 |
|
|
|a (MiAaPQ)EBC200535
|
| 035 |
|
|
|a (Au-PeEL)EBL200535
|
| 035 |
|
|
|a (CaPaEBR)ebr10098830
|
| 035 |
|
|
|a (CaONFJC)MIL7582
|
| 035 |
|
|
|a (OCoLC)437061278
|
| 040 |
|
|
|a MiAaPQ
|c MiAaPQ
|d MiAaPQ
|
| 043 |
|
|
|a a-cc---
|
| 050 |
|
4 |
|a HG5782
|b .G74 2004
|
| 082 |
0 |
4 |
|a 332.64/2451
|2 21
|
| 100 |
1 |
|
|a Green, Stephen,
|d 1972-
|
| 245 |
1 |
4 |
|a The development of China's stock market, 1984-2002
|h [electronic resource] :
|b equity politics and market institutions /
|c Stephen Green.
|
| 260 |
|
|
|a London ;
|a New York :
|b Routledge,
|c 2004.
|
| 300 |
|
|
|a xv, 287 p.
|
| 490 |
1 |
|
|a RoutledgeCurzon studies on China in transition
|
| 500 |
|
|
|a "Simultaneously published in the USA and Canada."
|
| 504 |
|
|
|a Includes bibliographical references (p. [269]-280) and index.
|
| 533 |
|
|
|a Electronic reproduction. Ann Arbor, MI : ProQuest, 2015. Available via World Wide Web. Access may be limited to ProQuest affiliated libraries.
|
| 650 |
|
0 |
|a Stock exchanges
|z China.
|
| 651 |
|
0 |
|a China
|x Economic policy
|y 1976-2000.
|
| 651 |
|
0 |
|a China
|x Economic policy
|y 2000-
|
| 655 |
|
4 |
|a Electronic books.
|
| 710 |
2 |
|
|a ProQuest (Firm)
|
| 830 |
|
0 |
|a RoutledgeCurzon studies on China in transition.
|
| 856 |
4 |
0 |
|u https://ebookcentral.proquest.com/lib/matrademy/detail.action?docID=200535
|z Click to View
|